| 000 | 00541nam a2200169 i 4500 | ||
|---|---|---|---|
| 001 | 52377 | ||
| 003 | ES-MaACL | ||
| 005 | 20230906162554.0 | ||
| 007 | t| | ||
| 008 | 030828s1911 fr |||| |bfre d | ||
| 100 | 1 |
_aDaudet, Lucien Alphonse. _942804 |
|
| 245 | 1 | 2 |
_aL'Impératrice Eugénie / _cLucien Alphonse Daudet. |
| 260 |
_aParis : _bArthème Fayard, _c[1911] ( _fMichel Fils) |
||
| 300 |
_aXIV, 291 p. ; _c19 cm. |
||
| 600 | 0 | 4 |
_aEugenia _cEmperatriz consorte de Napoleón III, Emperador de Francia. _948322 |
| 852 |
_aES-MaACL _jF-11603 |
||
| 999 |
_c52377 _d52377 |
||